• 首页
  • 本馆介绍
  • 公告通知
  • 最新文献
  • 馆藏检索
  • 电子资源
  • 读者导购
  • 参考咨询
  • 我的图书馆
  • 登录
  • 详细信息显示
  • 放入我的书架
  • 预约/预借图书
  • 作者相关作品
  • 分类相关作品
  • 丛书相关作品
  • 出版社相关作品

书目信息

  • 表格格式
  • 工作单格式
  • 卡片格式
题名:
工业水处理技术
    
 
作者: 秦冰 , 傅晓萍 , 桑军强 主编
分册: 第十七册  
出版信息: 北京   中国石化出版社  2018.04
页数: 421页
开本: 26cm
丛书名:
单 册:
中图分类: TQ085-53 , TQ085
科图分类:
主题词: 工业用水--水处理--文集
电子资源:
ISBN: 978-7-5114-4858-3
000 00980nam0 2200253 450
001 4875
005 20181015092331.39
010    @a978-7-5114-4858-3@dCNY90.00
100    @a20180714d2018 em y0chiy50 ea
101 0  @achi
102    @aCN@b110000
105    @aa z 000yy
200 1  @a工业水处理技术@9gong ye shui chu li ji shu@h第十七册@f秦冰,傅晓萍,桑军强主编
210    @a北京@c中国石化出版社@d2018.04
215    @a421页@c图@d26cm
330    @a本书集中介绍水处理技术有关内容,是众多从事水处理技术和管理人员近年来研发成果和经验的总结。主要内容包括:污水处理与回用技术,循环水处理技术,化学水处理技术,废渣废气处理技术,水处理药剂,水处理设备,节能降耗,节水减排,新技术新材料新方法,分析检测等。
606 0  @a工业用水@x水处理@j文集
690    @aTQ085-53@v5
690    @aTQ085@v4
701  0 @a秦冰@9qin bing@4主编
701  0 @a傅晓萍@9fu xiao ping@4主编
701  0 @a桑军强@9sang jun qiang@4主编
801  0 @aCN@b91MARC@c20180714
905    @aMuseLib@dTQ085@e470:17
    
    工业水处理技术.第十七册/秦冰,傅晓萍,桑军强主编.-北京:中国石化出版社,2018.04
    421页:图;26cm
    
    
    ISBN 978-7-5114-4858-3:CNY90.00
    本书集中介绍水处理技术有关内容,是众多从事水处理技术和管理人员近年来研发成果和经验的总结。主要内容包括:污水处理与回用技术,循环水处理技术,化学水处理技术,废渣废气处理技术,水处理药剂,水处理设备,节能降耗,节水减排,新技术新材料新方法,分析检测等。
●
相关链接 在E读中查询图书 在五车中查询图书 在当当中查询图书 在豆瓣中查询图书


正题名:工业水处理技术     索取号:TQ085/470:17         预约/预借

序号 登录号 条形码 馆藏地/架位号 状态 备注
1 1127027   211270275   第二样本阅览室/ [索取号:TQ085/470:17] 在馆    
2 1127028   211270284   第三借阅区/ [索取号:TQ085/470:17] 在馆    
3 1127029   211270293   第三借阅区/ [索取号:TQ085/470:17] 在馆    
4 1127030   211270300   第三借阅区/ [索取号:TQ085/470:17] 在馆    
5 1127031   211270319   化学系资料室/ [索取号:TQ085/470:17] 在馆    
唐山师范学院图书馆 欢迎您!
大连网信软件有限公司© 版权所有